| 000 | 00361nam a2200133Ia 4500 | ||
|---|---|---|---|
| 008 | 240624s9999 xx 000 0 und d | ||
| 041 | _aeng | ||
| 082 | _a006.32 ZUR | ||
| 100 | _aZURADA JACEK M | ||
| 245 | _aINTRODUCTION TO ARTIFICIAL NEURAL SYSTEM | ||
| 260 |
_c2006 _aMumbai _bJaico Publishing House |
||
| 300 | _axxiv, : 119 : p. : cm. ; 24 | ||
| 365 |
_cRS _b30 |
||
| 999 |
_c5487 _d5487 |
||